Career development and counselling : (Record no. 19621)

MARC details
000 -LEADER
fixed length control field 00682nam a22002292 4500
001 - CONTROL NUMBER
control field 0000006031
003 - CONTROL NUMBER IDENTIFIER
control field OSt
005 - DATE AND TIME OF LATEST TRANSACTION
control field 20221003113125.0
008 - FIXED-LENGTH DATA ELEMENTS--GENERAL INFORMATION
fixed length control field 070912s xx 000 0 eng d
020 ## - INTERNATIONAL STANDARD BOOK NUMBER
International Standard Book Number 1119580355
040 ## - CATALOGING SOURCE
Original cataloging agency KABU
Transcribing agency KABU
050 ## - LIBRARY OF CONGRESS CALL NUMBER
Classification number HF5381
Item number .C37 2021
245 10 - TITLE STATEMENT
Title Career development and counselling :
Remainder of title putting theory and research to work /
Statement of responsibility, etc. edited. by Steven D. Brown & Robert W. Lent.
260 ## - PUBLICATION, DISTRIBUTION, ETC. (IMPRINT)
Place of publication, distribution, etc. Hoboken, NJ :
Name of publisher, distributor, etc. John Wiley,
Date of publication, distribution, etc. 2021
300 ## - PHYSICAL DESCRIPTION
Extent xv, 828p.
650 #0 - SUBJECT ADDED ENTRY--TOPICAL TERM
Topical term or geographic name as entry element Career development.
650 #0 - SUBJECT ADDED ENTRY--TOPICAL TERM
Topical term or geographic name as entry element Vocational guidance.
650 #0 - SUBJECT ADDED ENTRY--TOPICAL TERM
Topical term or geographic name as entry element Counseling.
908 ## - PUT COMMAND PARAMETER (RLIN)
Put command parameter 070912
942 ## - ADDED ENTRY ELEMENTS (KOHA)
Source of classification or shelving scheme Library of Congress Classification
Koha item type General Collection
Holdings
Withdrawn status Lost status Source of classification or shelving scheme Not for loan Home library Current library Date acquired Cost, normal purchase price Total Checkouts Full call number Barcode Date last seen Price effective from Koha item type
    Library of Congress Classification   Kabarak, Main Campus Kabarak, Main Campus 03/10/2022 10456.00   HF5381 .C37 2021 c.1 032435 03/10/2022 03/10/2022 General Collection
    Library of Congress Classification   Kabarak, Main Campus Kabarak, Main Campus 03/10/2022 10456.00   HF5381 .C37 2021 c.2 032299 03/10/2022 03/10/2022 General Collection
Designed with assistance from East African Informatics Ltd